Normal view
MARC view
Entry Genre/Form Term
001 - CONTROL NUMBER
- control field: 5240
003 - CONTROL NUMBER IDENTIFIER
- control field: ARRUPE
005 - DATE AND TIME OF LATEST TRANSACTION
- control field: 20131205174644.0
008 - FIXED-LENGTH DATA ELEMENTS
- fixed length control field: 131205|| aca||aabn | a|a d
040 ## - CATALOGING SOURCE
- Original cataloging agency: ARRUPE
- Transcribing agency: ARRUPE
155 ## - HEADING--GENRE/FORM TERM
- Genre/form term: Science fiction.
670 ## - SOURCE DATA FOUND
- Source citation: Work cat.: (ARRUPE)0: Heinlein, Robert A. (Robert Anson), 1907-1988. 5234, The moon is a harsh mistress /, 1997.